Computational Protein-Protein Interactions (Record no. 24654)
[ view plain ]
| 000 -LEADER | |
|---|---|
| fixed length control field | 00393nam a22001457a 4500 |
| 003 - CONTROL NUMBER IDENTIFIER | |
| control field | NUST |
| 008 - FIXED-LENGTH DATA ELEMENTS--GENERAL INFORMATION | |
| fixed length control field | 140618b xxu||||| |||| 00| 0 eng d |
| 020 ## - INTERNATIONAL STANDARD BOOK NUMBER | |
| Terms of availability | Available |
| 038 ## - RECORD CONTENT LICENSOR | |
| Staff Name | Nusrat Nadeem |
| 082 ## - DEWEY DECIMAL CLASSIFICATION NUMBER | |
| Classification number | 615.19 |
| 100 ## - MAIN ENTRY--PERSONAL NAME | |
| Personal name | Ruth Nussinov |
| 9 (RLIN) | 21403 |
| 245 ## - TITLE STATEMENT | |
| Title | Computational Protein-Protein Interactions |
| Statement of responsibility, etc. | Nussinov Ruth |
| 538 ## - SYSTEM DETAILS NOTE | |
| Display text | Bioinformatics Lab (Photocopy Book) |
| 942 ## - ADDED ENTRY ELEMENTS (KOHA) | |
| Source of classification or shelving scheme | |
| Koha item type | Book |
| Withdrawn status | Lost status | Source of classification or shelving scheme | Damaged status | Not for loan | Permanent Location | Current Location | Shelving location | Date acquired | Total Checkouts | Barcode | Date last seen | Price effective from | Koha item type | Total Renewals | Full call number | Checked out | Date last checked out |
|---|---|---|---|---|---|---|---|---|---|---|---|---|---|---|---|---|---|
| Central Library (CL) | Central Library (CL) | General Stacks | 06/18/2014 | RCMS002553 | 06/18/2014 | 06/18/2014 | Book | ||||||||||
| School of Interdisciplinary Engineering and Sciences (SINES) | School of Interdisciplinary Engineering and Sciences (SINES) | Text Books | 08/15/2016 | 1 | RCMS002906 | 02/01/2023 | 08/15/2016 | Text Books | 1 | 615.19 | 06/01/2023 | 02/01/2023 |
